[Event "DEN-chT 1819 57th"]
[Site "Denmark"]
[Date "2019.01.12"]
[Round "5.5"]
[White "Percivaldi, Martin"]
[Black "Luther, Lasse"]
[Result "1-0"]
[WhiteElo "2390"]
[BlackElo "2030"]
[PlyCount "51"]
[EventDate "2018.10.27"]
[EventType "team-tourn"]
[EventRounds "9"]
[EventCountry "DEN"]
[SourceTitle "CBM 188 Extra"]
[Source "ChessBase"]
[SourceDate "2019.02.26"]
[SourceVersion "1"]
[SourceVersionDate "2019.02.26"]
[SourceQuality "1"]
[WhiteTeam "Koge Xtracon"]
[BlackTeam "Jetsmark"]
[WhiteTeamCountry "DEN"]
[BlackTeamCountry "DEN"]

1. d4 d5 2. Bg5 Nf6 3. Nd2 h6 4. Bh4 e6 5. e3 Be7 6. Bd3 c5 7. c3 Nc6 8. f4 b6 9. Qe2 Bb7 10. Ngf3 Ne4 11. Bxe7 Nxe7 12. Bb5+ Bc6 13. Ne5 Qc7 14. Nxe4 dxe4 15. dxc5 0-0 16. cxb6 axb6 17. Nxc6 Nxc6 18. Qc4 Rac8 19. Qxe4 Ne7 20. 0-0 Nf5 21. Bd3 Qc5 22. Rf3 g6 23. g4 Nd6 24. Qd4 Qc6 25. Rh3 Kh7 26. g5 1-0

[Event "DEN-ch G7-1"]
[Site "Skorping"]
[Date "2017.04.13"]
[Round "3"]
[White "Luther, Lasse"]
[Black "Steenstrup, Svend"]
[Result "1-0"]
[WhiteElo "2071"]
[BlackElo "1900"]
[PlyCount "63"]
[EventDate "2017.04.11"]
[EventType "swiss"]
[EventRounds "7"]
[EventCountry "DEN"]
[SourceTitle "EXT 2018"]
[Source "ChessBase"]
[SourceDate "2017.10.13"]
[SourceVersion "1"]
[SourceVersionDate "2017.10.13"]
[SourceQuality "1"]

1. d4 Nf6 2. Bf4 g6 3. Nc3 c5 4. d5 d6 5. e4 Bg7 6. Qd2 Qb6 7. Bb5+ Bd7 8. a4 Bxb5 9. axb5 Nbd7 10. Bh6 Bxh6 11. Qxh6 c4 12. Nf3 Ng4 13. Qh4 h5 14. h3 Nge5 15. Nxe5 Nxe5 16. Qf4 a6 17. Qd2 f6 18. f4 Nd7 19. Qf2 Nc5 20. 0-0 Kd7 21. bxa6 Rxa6 22. Rxa6 bxa6 23. Qd4 Qxb2 24. e5 Qxc2 25. exf6 exf6 26. Re1 Nd3 27. Qa7+ Kd8 28. Qa8+ Kd7 29. Qc6+ Kd8 30. Qxd6+ Kc8 31. Qc6+ Kd8 32. Qxf6+ 1-0

[Event "DEN-ch cand"]
[Site "Skorping"]
[Date "2014.04.18"]
[Round "4"]
[White "Luther, Lasse"]
[Black "Matthiesen, Martin"]
[Result "0-1"]
[WhiteElo "2021"]
[BlackElo "2300"]
[PlyCount "120"]
[EventDate "2014.04.15"]
[EventType "swiss"]
[EventRounds "7"]
[EventCountry "DEN"]
[SourceTitle "EXT 2023"]
[Source "ChessBase"]
[SourceDate "2022.10.05"]
[SourceVersion "1"]
[SourceVersionDate "2022.10.05"]
[SourceQuality "1"]

1. d4 Nf6 2. c4 e6 3. Nc3 Bb4 4. Qc2 c5 5. dxc5 Bxc5 6. Nf3 Qb6 7. e3 Qc7 8. b3 Nc6 9. Bb2 a6 10. a3 b6 11. Bd3 Bb7 12. 0-0 Be7 13. Ne4 Ng4 14. h3 Nge5 15. Be2 Nxf3+ 16. Bxf3 Ne5 17. Bxe5 Qxe5 18. Qc3 Qxc3 19. Nxc3 Bxf3 20. gxf3 Rc8 21. Rfc1 Bf6 22. Ne4 Bxa1 23. Nd6+ Ke7 24. Nxc8+ Rxc8 25. Rxa1 d5 26. cxd5 exd5 27. b4 Rc3 28. Kf1 Kd6 29. Ke1 Rb3 30. Kd1 Rb2 31. Ke1 Rb3 32. Kd1 a5 33. bxa5 bxa5 34. Kc2 a4 35. f4 Kc5 36. h4 Kc4 37. Rd1 Rxa3 38. Rd4+ Kc5 39. Kb2 Rb3+ 40. Ka2 Rb4 41. Rd3 d4 42. Rd1 Kd5 43. Ka3 Rc4 44. h5 Ke4 45. exd4 Rxd4 46. f3+ Ke3 47. Rg1 g6 48. f5 gxf5 49. Rg7 Rh4 50. Rxh7 Kxf3 51. Rxf7 Rxh5 52. Kxa4 f4 53. Kb3 Rc5 54. Rf6 Ke3 55. Re6+ Kf2 56. Rf6 f3 57. Rf7 Re5 58. Kc2 Ke2 59. Rh7 f2 60. Rh2 Ke1 0-1

[Event "Copenhagen Bronshoj op"]
[Site "Copenhagen"]
[Date "2014.02.09"]
[Round "5"]
[White "Luther, Lasse"]
[Black "Stojanovski, Sandi"]
[Result "1/2-1/2"]
[WhiteElo "2031"]
[BlackElo "2275"]
[PlyCount "34"]
[EventDate "2014.02.07"]
[EventType "swiss"]
[EventRounds "7"]
[EventCountry "DEN"]
[SourceTitle "CBM 158 Extra"]
[Source "ChessBase"]
[SourceDate "2014.02.28"]
[SourceVersion "1"]
[SourceVersionDate "2014.02.28"]
[SourceQuality "1"]

1. e4 c5 2. Nf3 Nc6 3. d4 cxd4 4. Nxd4 Nf6 5. Nc3 e5 6. Ndb5 d6 7. Bg5 a6 8. Na3 b5 9. Nd5 Be7 10. Bxf6 Bxf6 11. c4 b4 12. Nc2 a5 13. Be2 0-0 14. 0-0 Bg5 15. Nce3 a4 16. Qd3 g6 17. Rad1 Qa5 1/2-1/2

[Event "Copenhagen Bronshoj op"]
[Site "Copenhagen"]
[Date "2014.02.08"]
[Round "2"]
[White "Thuesen, Mogens Henrik"]
[Black "Luther, Lasse"]
[Result "1/2-1/2"]
[WhiteElo "2241"]
[BlackElo "2031"]
[PlyCount "115"]
[EventDate "2014.02.07"]
[EventType "swiss"]
[EventRounds "7"]
[EventCountry "DEN"]
[SourceTitle "CBM 158 Extra"]
[Source "ChessBase"]
[SourceDate "2014.02.28"]
[SourceVersion "1"]
[SourceVersionDate "2014.02.28"]
[SourceQuality "1"]

1. d4 Nf6 2. Bg5 d5 3. Bxf6 exf6 4. e3 Be6 5. Nd2 c5 6. dxc5 Bxc5 7. Nb3 Bd6 8. g3 Nc6 9. Bg2 0-0 10. Ne2 Rc8 11. 0-0 Ne7 12. Ned4 a6 13. Qd2 Qd7 14. Rfd1 Rfd8 15. Qe2 f5 16. Rd2 Qa4 17. c3 Qc4 18. Qh5 Be5 19. g4 g6 20. Qg5 Qc7 21. gxf5 Nxf5 22. Nxf5 Bxf5 23. Rad1 Bxh2+ 24. Kh1 Be5 25. Bxd5 Rxd5 26. Rxd5 Be4+ 27. Kg1 Bxd5 28. Rxd5 f6 29. Qg4 Rd8 30. Qe6+ Kg7 31. Nc5 Rxd5 32. Qxd5 Qc6 33. Qxc6 bxc6 34. Nxa6 g5 35. Nb4 c5 36. Nd3 Bd6 37. b4 cxb4 38. cxb4 Kf7 39. f3 Ke7 40. a3 Kd7 41. e4 Kc6 42. a4 h5 43. Kg2 Kb6 44. Kf2 Kc6 45. Ke3 h4 46. Kf2 Kb6 47. Kg2 Kc6 48. Kh3 Kb6 49. Kg4 Kc6 50. f4 gxf4 51. b5+ Kb6 52. Nxf4 Ka5 53. Nd5 Kxa4 54. Nxf6 Kxb5 55. Kxh4 Kc5 56. Kg4 Be5 57. Kf5 Ba1 58. e5 1/2-1/2

[Event "DEN-ch G7-B"]
[Site "Helsingor"]
[Date "2013.03.29"]
[Round "4"]
[White "Luther, Lasse"]
[Black "Oland, Arne"]
[Result "1/2-1/2"]
[WhiteElo "1999"]
[BlackElo "1925"]
[PlyCount "109"]
[EventDate "2013.03.26"]
[EventType "swiss"]
[EventRounds "7"]
[EventCountry "DEN"]
[SourceTitle "EXT 2023"]
[Source "ChessBase"]
[SourceDate "2022.10.05"]
[SourceVersion "1"]
[SourceVersionDate "2022.10.05"]
[SourceQuality "1"]

1. d4 f5 2. Bg5 g6 3. Nc3 d5 4. e3 Nh6 5. Bf4 Nf7 6. Nb5 Na6 7. c4 e6 8. Nc3 c6 9. cxd5 exd5 10. Bxa6 bxa6 11. Nf3 Qb6 12. 0-0 Bd7 13. Ne5 Nxe5 14. Bxe5 Rg8 15. Na4 Qb5 16. Rc1 Rc8 17. Nc5 Be7 18. a4 Qb6 19. b4 Rf8 20. Qe2 a5 21. bxa5 Qxa5 22. Qa2 Rf7 23. Nb7 Qa6 24. Nd6+ Bxd6 25. Bxd6 Be6 26. Rb1 Rd8 27. Be5 Rfd7 28. Qa3 Rb7 29. h4 Bc8 30. Rxb7 Qxb7 31. Qc5 Be6 32. Rc1 Rc8 33. Qd6 Qd7 34. Qxd7+ Bxd7 35. a5 Ke7 36. Rc5 Be6 37. Kh2 Kd7 38. Kg3 a6 39. Rc2 Ke7 40. Rb2 c5 41. Rb7+ Bd7 42. dxc5 Rxc5 43. Bc7 Rc4 44. Bb6 f4+ 45. exf4 d4 46. Rc7 Rc3+ 47. Rxc3 dxc3 48. f3 Kd6 49. Kf2 Kd5 50. Ke2 Kc4 51. Kd1 h5 52. Kc1 Kd3 53. g4 hxg4 54. fxg4 Bxg4 55. Bd8 1/2-1/2

[Event "North Sea Cup 23th"]
[Site "Esbjerg"]
[Date "2008.07.13"]
[Round "4"]
[White "Luther, Lasse"]
[Black "Skaanning Pedersen, Kim Henrik"]
[Result "1/2-1/2"]
[WhiteElo "1912"]
[BlackElo "2173"]
[PlyCount "89"]
[EventDate "2008.07.11"]
[EventType "swiss"]
[EventRounds "10"]
[EventCountry "DEN"]
[SourceTitle "CBM 125 Extra"]
[Source "ChessBase"]
[SourceDate "2008.09.01"]
[SourceVersion "1"]
[SourceVersionDate "2008.09.01"]
[SourceQuality "1"]

1. e4 c5 2. Nf3 g6 3. d4 cxd4 4. Nxd4 Nc6 5. Nc3 Bg7 6. Be3 Nf6 7. Bc4 0-0 8. Bb3 d6 9. f3 Bd7 10. Qd2 Nxd4 11. Bxd4 b5 12. h4 a5 13. Nd5 Nxd5 14. Bxg7 Kxg7 15. Bxd5 Rc8 16. h5 g5 17. Qxg5+ Kh8 18. e5 e6 19. Qxd8 Rfxd8 20. Be4 dxe5 21. 0-0-0 f5 22. Bd3 Kg7 23. g4 Kf6 24. Rhg1 Bc6 25. Be2 h6 26. gxf5 Be8 27. Rxd8 Rxd8 28. Rg8 Kf7 29. Rg6 exf5 30. Rxh6 Rd4 31. Ra6 a4 32. h6 Rh4 33. Ra7+ Kf6 34. h7 Bg6 35. Bxb5 Bxh7 36. Bxa4 f4 37. Bc6 Rh1+ 38. Kd2 Rh2+ 39. Ke1 Bxc2 40. b4 Bd3 41. b5 Rb2 42. a4 e4 43. Bxe4 Bxe4 44. fxe4 Ke5 45. Rf7 1/2-1/2

[Event "North Sea Cup 23th"]
[Site "Esbjerg"]
[Date "2008.07.11"]
[Round "1"]
[White "Holm Pedersen, Sejer"]
[Black "Luther, Lasse"]
[Result "1-0"]
[WhiteElo "2240"]
[BlackElo "1912"]
[PlyCount "87"]
[EventDate "2008.07.11"]
[EventType "swiss"]
[EventRounds "10"]
[EventCountry "DEN"]
[SourceTitle "CBM 125 Extra"]
[Source "ChessBase"]
[SourceDate "2008.09.01"]
[SourceVersion "1"]
[SourceVersionDate "2008.09.01"]
[SourceQuality "1"]

1. Nf3 Nf6 2. c4 g6 3. b4 Bg7 4. Bb2 d6 5. d4 0-0 6. e3 Nbd7 7. Be2 c5 8. bxc5 dxc5 9. 0-0 cxd4 10. exd4 Qb6 11. Qb3 Ne4 12. Rd1 Ndc5 13. Qa3 Bg4 14. Nc3 Nxc3 15. Bxc3 Ne4 16. Rab1 Nxc3 17. Qxc3 Qc7 18. h3 Bf5 19. Bd3 Bd7 20. Qb4 Bc8 21. Be4 Rb8 22. c5 e6 23. Qa3 a6 24. Rb6 Rd8 25. Qe3 Bf8 26. Bc2 Bg7 27. Rdb1 Bd7 28. Be4 Bc8 29. c6 Rd6 30. Ne5 f5 31. Bf3 Rxd4 32. Qxd4 Bxe5 33. Qe3 Bf4 34. Qd3 e5 35. Bd5+ Kg7 36. Qc4 e4 37. cxb7 Bh2+ 38. Kh1 Qf4 39. Qd4+ Kf8 40. Qf6+ Ke8 41. bxc8Q+ Rxc8 42. Re6+ Kd7 43. Qf7+ Kd8 44. Re8# 1-0

[Event "Nordic School-chT"]
[Site "Jetsmark"]
[Date "2006.09.10"]
[Round "5.2"]
[White "Luther, Lasse"]
[Black "Hosia, Akseli"]
[Result "1-0"]
[WhiteElo "1218"]
[BlackElo "1331"]
[PlyCount "119"]
[EventDate "2006.09.08"]
[EventType "team-tourn"]
[EventRounds "5"]
[EventCountry "DEN"]
[SourceTitle "EXT 2023"]
[Source "ChessBase"]
[SourceDate "2022.10.05"]
[SourceVersion "1"]
[SourceVersionDate "2022.10.05"]
[SourceQuality "1"]
[WhiteTeam "Denmark U13"]
[BlackTeam "Finland U13"]
[WhiteTeamCountry "DEN"]
[BlackTeamCountry "FIN"]

1. e4 e5 2. Nf3 Nc6 3. d4 exd4 4. Bc4 h6 5. Nxd4 Bc5 6. Bxf7+ Kf8 7. Nxc6 bxc6 8. Bb3 Nf6 9. e5 Qe7 10. Qe2 Nh7 11. 0-0 d5 12. Be3 Bf5 13. Bxc5 Qxc5 14. Qf3 g6 15. Qc3 Qxc3 16. Nxc3 Be6 17. Na4 Ke7 18. Nc5 Ng5 19. c3 Nf7 20. f4 Bf5 21. Rf2 Nd8 22. Bc2 Bxc2 23. Rxc2 Ne6 24. Nxe6 Kxe6 25. Re2 c5 26. Rd1 Rad8 27. Kf2 c4 28. g4 Rhf8 29. Kg3 c5 30. h3 d4 31. Re4 dxc3 32. Rd6+ Rxd6 33. exd6+ Kxd6 34. bxc3 Kd5 35. Kf3 Rf6 36. Re5+ Kc6 37. Ke4 Kd6 38. Rd5+ Kc6 39. Ke5 Rf8 40. Rd6+ Kb5 41. Rxg6 Re8+ 42. Re6 Rd8 43. f5 Rd3 44. f6 Rxc3 45. f7 Re3+ 46. Kf4 Rxe6 47. f8Q Rb6 48. Qe8+ Kb4 49. Qe1+ Kb5 50. Qc3 Rd6 51. a4+ Kb6 52. Ke5 Rd4 53. Qxd4 cxd4 54. Kxd4 Ka5 55. Kxc4 Kxa4 56. h4 a5 57. g5 hxg5 58. hxg5 Ka3 59. g6 Kb2 60. Kb5 1-0